Điều chỉnh tự động truyền động điện: Sách giáo trình dùng cho sinh viên các trường đại học kỹ thuật
Giáo trình này gồm 9 chương trình bày những nguyên tắc cơ bản xây dựng hệ truyền động tự động; Trình bày các mạch đo lường điều khiển và các bộ biến đổi điện tử công suất dùng cho hệ truyền động tự động; Trình bày cấu trúc cơ ba...
সংরক্ষণ করুন:
| বিন্যাস: | গ্রন্থ |
|---|---|
| ভাষা: | Undetermined |
| প্রকাশিত: |
Hà Nội
Khoa học Kỹ thuật
2004
|
| বিষয়গুলি: | |
| ট্যাগগুলো: |
ট্যাগ যুক্ত করুন
কোনো ট্যাগ নেই, প্রথমজন হিসাবে ট্যাগ করুন!
|
| Thư viện lưu trữ: | Trung tâm Học liệu Trường Đại học Cần Thơ |
|---|
| LEADER | 01479nam a2200205Ia 4500 | ||
|---|---|---|---|
| 001 | CTU_129170 | ||
| 008 | 210402s9999 xx 000 0 und d | ||
| 020 | |c 53500 | ||
| 082 | |a 621.319 | ||
| 082 | |b Đ309 | ||
| 245 | 0 | |a Điều chỉnh tự động truyền động điện: | |
| 245 | 0 | |b Sách giáo trình dùng cho sinh viên các trường đại học kỹ thuật | |
| 245 | 0 | |c Bùi Quốc Khánh ... [ et al.] | |
| 260 | |a Hà Nội | ||
| 260 | |b Khoa học Kỹ thuật | ||
| 260 | |c 2004 | ||
| 520 | |a Giáo trình này gồm 9 chương trình bày những nguyên tắc cơ bản xây dựng hệ truyền động tự động; Trình bày các mạch đo lường điều khiển và các bộ biến đổi điện tử công suất dùng cho hệ truyền động tự động; Trình bày cấu trúc cơ bản của hệ truyền động động cơ một chiều, xoay chiều không đồng bộ và xoay chiều đồng bộ; Nêu nguyên tắc cơ bản xây dựng hệ truyền động nhiều động cơ; Nghiên cứu hệ truyền động vị trí; Trình bày cấu trúc các hệ truyền động thích nghi. | ||
| 650 | |a electric engineering,Power electronics,Truyền động điện | ||
| 904 | |i Minh | ||
| 980 | |a Trung tâm Học liệu Trường Đại học Cần Thơ | ||